| 000 | 01488nab a2200289 i 4500 | ||
|---|---|---|---|
| 001 | 193671 | ||
| 003 | ES-MaACL | ||
| 005 | 20250810063057.0 | ||
| 007 | t| | ||
| 008 | 240205s2012 sp ||||1| spa d | ||
| 040 |
_aES-MaACL _bspa |
||
| 100 | 1 |
_aMuñoz Monge, Jesús María _eaut _9235036 |
|
| 245 | 1 | 4 |
_aUna conferencia y una lectura de Valle-Inclán en el Ateneo (1915) / _cJesús M.ª Monge |
| 260 |
_a[Barcelona] : _bEl Pasajero, _c2002 |
||
| 300 |
_a8 páginas ; _c30 cm |
||
| 500 | _aFotocopia de "Una conferencia y una lectura de Valle-Inclán en el Ateneo (1915)", publicado en "El Pasajero: revista de estudios sobre Ramón del Valle-Inclán", primavera 2002 | ||
| 500 | _aTaller d'Investigacions Valleinclanianes. Conferencia y lectura inéditas presentadas en la comunicación "Valle-Inclán, historiador y crítico de arte", leída en las xornadas de estudio "Valle-Inclán, cen anos de actualidades literarias", Vilanova de Arousa, 14-16 de marzo 2002 | ||
| 530 | _aDisponible en formato digital | ||
| 600 | 1 | 4 |
_aValle-Inclán, Ramón del, _d1866-1936 _9112796 |
| 610 | 2 | 4 |
_aAteneo de Madrid- _vConferencias- _y1900-1939 _91907 |
| 740 | 3 | 2 | _aEl quietismo estético, 13 de marzo de 1915 |
| 852 | 4 |
_aES-MaACL _cDEPOF _j2347-F-43 _zRevisado enlace: 7 de mayo de 2025 _9201192 |
|
| 856 | 4 |
_uhttps://www.elpasajero.com/confarte.htm _yVersión en línea _z(El Pasajero) |
|
| 942 |
_2udc _cANAB _n0 |
||
| 999 |
_c193671 _d193671 |
||